000 00850nam a22002057a 4500
999 _c7295
_d7295
003 AR-CdUCM
008 190320b ||||| |||| 00| 0 spa d
040 _aMUNICIPALIDAD PROVINCIAL DEL CUSCO
_cBIBLIOTECA MUNICIPAL DEL CUSCO
082 _a636 /
_bD53
100 _aDelbo , L.M.
_920573
245 _aGanaderia Moderna :
_bCuidados y reproduccion de : bovinos, caballos, cerdos ,conejos ,animales domesticos /
260 _aBarcelona :
_bVecchi ,
_c1976.
300 _a184 páginas ;
_c20.5 cm.
505 _aContenido : La Ganaderia -- El establo y la estavulacion -- Los Bóvidos -- Principales Razas Bovinas -- Los équidos -- Ganado Lanar -- El cerdo -- Los conejos -- Las aves de corral...
650 _aGanaderia en General
_920574
650 _aGanaderia Moderna
_920575
650 _aGanaderia
_9321
942 _2ddc
_cLIBROS
945 _artm